000 00347cam a22001217a 4500
008 180718b1989 xxu||||| |||| 00| 0 eng d
082 _aK3335 W693
245 _aYour personality and potential
_cedited by Glenn Wilson
260 _aTopsfield
_bMassachussetts, Salem
_c1989
300 _a256p.
650 _aPersonality test
700 _aWilson, Glenn
999 _c356417
_d356417